000 00637nam a22002177a 4500
005 20170124105917.0
010 _aB-031726
020 _c600.00
_a8176251461
035 _aB-031726
037 _bCen Lib/Ret
040 _aDPL
_bEN
082 _a230.03
_bDIC
245 _aDictionary of Hinduism /
_cedited by Kush Satyendra
260 _aNew Delhi
_bIVY Publishing House
_c2000
270 _bNew Delhi
_e110095
300 _a353p.
_c23cm(Hb)
650 _aRiligious-Dictionary
_vDictionaries
_9106667
650 _aHinduism-Dictionary
_93121
700 _aSatyendra, Kush
_9106668
942 _2ddc
_cEN
_h230.03
_mDIC
999 _c122928
_d122928